Bienvenue à la Médiathèque de Saint-Andiol
banniere
Accueil Recherche avancée Mon compte
handi1 Rechercher dans le catalogue

Filtre   Mots-clés
  Recherche avancée
 
Lister les dernières nouveautés
 
Lister les livres GROS CARACTERES
 
Lister les périodiques (magazines)

handi1 Notre Temps [ 679 ]

<< Retourner aux résultats de la recherche
Book Cover
Titre : Notre Temps [ 679 ]
Support : Livres
Langue : Francais
Publié : 2023 Bayard Presse Paris
Genre : Revues et magazines
Sujets :
Étiquettes :
Pas de tags
LEADER 00907nas0a2200241 450
001 16868382
011 |b Br.  |d 4,4 € 
100 |a 20260603d2023 u u0frey01 ba 
101 1 |a fre  |c fre 
102 |a FR 
110 0 |a afu 0uu0 
200 0 |a Notre Temps [ 679 ]  |f Georges Sanerot 
207 1 |a  679 
210 |a Paris  |b 3 Rue Bayard.  |c Bayard Presse  |d 2023 
215 |a 1 vol. (154 p.)  |c couv. ill. coul. ; ill. coul.  |d 26x20 cm 
464 |a Médecines douces, les secrets d'un intestin serein 
464 |a Pieds en forme pour bien marcher cet été 
464 |a Fin du devoir conjugal : 3 générations parlent du consentement 
464 |a Partez tranquille, déjouez arnaques, mauvaises surprises et protégez votre domicile 
676 |a 070.17 
900 |a Revues et magazines 
901 |a Adultes 
995 |a Médiathèque  |c Médiathèque  |f 089021942  |h 089021942  |k 070.17 NOT 679  |o p  |q a  |r az  |e Médiathèque